Антон Павлович Чехов (Запис номер 377897)
[ съкратено ]
| 000 -Лидер | |
|---|---|
| Контролно поле с фиксирана дължина | nam a22 a 4500 |
| 003 - Код на организацията, давaща контролен номер | |
| Контролно поле | BLK |
| 005 - Дата и час на последна редакция | |
| Контролно поле | 20220210164859.0 |
| 008 - Елементи от данни с фиксирана дължина | |
| fixed length control field | 200311b bul|||||r ||||||| ||bul|| |
| 040 ## - Източник на каталожния запис | |
| Идентификатор на билиотеката - собственик на записа | BLK |
| 041 ## - Код за език | |
| Код за езика на текст/звукозапис или на отделно заглавие | Български |
| Код за езика КДБФ | Български |
| 080 ## - УДК | |
| Текстов определител УДК | Руска литература |
| УДК код - определител по УДК | 821.161.1 |
| УДК определител | (092) |
| УДК - код + определител | 821.161.1 |
| 080 ## - УДК | |
| Текстов определител УДК | Руски писател и драматург |
| УДК код - определител по УДК | 929 Чехов, Антон Павлович |
| УДК - код + определител | 929 Чехов, Антон Павлович |
| 100 1# - Редна дума - Автор | |
| Автор | Германов, Георги Димитров |
| Авторска отговорност | Първи автор |
| R(LIN) | 421712 |
| 139 ## - Редно поле | |
| Редна дума | Германов, Георги Димитров |
| 245 10 - Сведения за заглавието | |
| Заглавие | Антон Павлович Чехов |
| Подзаглавни данни | По случай 100 г. от рождението му |
| Редно поле (дума) | Георги Димитров Германов. |
| 257 ## - Страна на издаване | |
| Страна на създаване/издаване | България |
| 260 ## - Област на издателските данни | |
| Място на издаване, разпространение и проч. | София |
| Име на издателя, разпространителя и проч. | НС на ОФ |
| Година на издаване | 1959 |
| 300 ## - Физическа характеристика | |
| Страници | 40 с. |
| Размери/Мащаб | 18 см |
| 380 ## - Жанр | |
| Жанр | Литературознание |
| 500 ## - Общи забележки | |
| Забележка | Изд. на Общонар. к-т за бълг.-съв. дружба. 10 000 тир. |
| 600 14 - Име на лице, използвано като предмет | |
| За него / За нея | Чехов, Антон Павлович |
| 9 (RLIN) | 421713 |
| 650 #4 - Допълнително описание по предмет – тема | |
| Основно описание – тема или топоним | Чехов, Антон Павлович |
| 9 (RLIN) | 421713 |
| 852 ## - Местоположение | |
| Форматна сигнатура | Цб І 3897 |
| Фондова буква | Хранилище |
| 999 ## - СИСТЕМНИ КОНТРОЛНИ НОМЕРА | |
| Koha biblionumber | 377897 |
| Koha biblioitemnumber | 377897 |
| 942 ## - АРТИКУЛИ | |
| Вид на библиотечния материал | Книги |
| Скрит в OPAC | Не |
| Периодичен библиозапис | Да |
| 944 ## - СЪЗДАВАНЕ И РЕДАКЦИЯ на ЗАПИСА | |
| Създаване/Редакция | Създаване |
| Дата на регистрацията/редакция | 2020-07-30 |
| Служител, извършил регистрацията/редакцията | Микаела Микова - Илиева |
| 944 ## - СЪЗДАВАНЕ И РЕДАКЦИЯ на ЗАПИСА | |
| Създаване/Редакция | Редакция |
| Дата на регистрацията/редакция | 2022-02-10 |
| Служител, извършил регистрацията/редакцията | Кети |
| 999 ## - СИСТЕМНИ КОНТРОЛНИ НОМЕРА | |
| Koha biblioitemnumber | 406238 |
| Код за отписване | Код за изгубен артикул | Източник на класификационната схема | Код за повреда | Коз за рестрикции | Код за отдаване | Артикулен № | Име на библиотеката - собственик | Име на библиотеката, в която се намира в момента | Статус (Текущо местоположение) | Дата на вписване в системата | Местоположение - отдел | Цена в лева | Инвентарен номер | Систематично азбучна сигнатура | Баркод | Цена в евро | Служебен тип на артикула |
|---|---|---|---|---|---|---|---|---|---|---|---|---|---|---|---|---|---|
| Изтеглен | Не е изгубен | Universal Decimal Classification | Не е повреден | без рестрикции | ползва се в читалня | 787249 | Регионална библиотека "Любен Каравелов" Русе | Регионална библиотека "Любен Каравелов" Русе | Основен фонд - ползва се само за читалня | 2020-07-31 | Основен фонд - ползва се само за читалня | 0.06 | 11576/60 | Цб І 3897 | 900000026516 | 0.03 | Книги |
| Не е изгубен | Universal Decimal Classification | Не е повреден | само за читалня | ползва се в читалня | 870799 | Регионална библиотека "Любен Каравелов" Русе | Регионална библиотека "Любен Каравелов" Русе | Хранилище | 2022-02-10 | Хранилище | 0.06 | 944/60 | Цб І 3897 | 900000096569 | 0.03 | Книги |